[Event "Voelklingen ST-ch"]
[Site "Voelklingen"]
[Date "2003.04.13"]
[Round "2.5"]
[White "Lang, Hermann"]
[Black "Kerpe, Udo"]
[Result "0-1"]
[WhiteElo "1738"]
[BlackElo "1208"]
[PlyCount "128"]
[EventDate "2003.04.11"]
[EventType "swiss"]
[EventRounds "7"]
[EventCountry "GER"]
[SourceTitle "EXT 2004"]
[Source "ChessBase"]
[SourceDate "2003.11.25"]
[SourceVersion "1"]
[SourceVersionDate "2003.11.25"]
[SourceQuality "1"]

1. d4 d5 2. Nf3 e6 3. Bf4 Bd6 4. Bg5 f6 5. Bh4 Ne7 6. e3 Nd7 7. Bd3 c6 8. Nbd2 0-0 9. Bg3 Qc7 10. 0-0 e5 11. e4 Qb8 12. Re1 dxe4 13. Nxe4 Bc7 14. Bc4+ Nd5 15. dxe5 Nxe5 16. Bxd5+ cxd5 17. Qxd5+ Nf7 18. Nd6 Bxd6 19. Bxd6 Qxd6 20. Qxd6 Nxd6 21. h3 Bf5 22. Nd4 Rfe8 23. g4 Rxe1+ 24. Rxe1 Bd7 25. Re7 Bc6 26. Nxc6 bxc6 27. Rc7 Nb5 28. Rxc6 Nd4 29. Rc4 Nf3+ 30. Kg2 Ne5 31. Rc7 a6 32. f4 Ng6 33. f5 Ne5 34. Kf2 h6 35. b3 Rd8 36. Ke2 Nf7 37. Ra7 Rd6 38. Ra8+ Kh7 39. Ra7 Ng5 40. h4 Ne4 41. Rc7 h5 42. Ke3 Nd2 43. gxh5 Rd5 44. Ra7 a5 45. c4 Nf1+ 46. Ke4 Re5+ 47. Kd4 Ng3 48. c5 Nxf5+ 49. Kc4 Ne3+ 50. Kb5 Rxh5 51. Rxa5 f5 52. b4 f4 53. Kb6 Nc4+ 54. Ka6 Nxa5 55. Kxa5 f3 56. Kb6 Rh6+ 57. c6 f2 58. b5 f1Q 59. a4 Qf8 60. Kb7 Rxh4 61. a5 Qf7+ 62. c7 Rc4 63. b6 Qd5+ 64. Kb8 Qxa5 0-1

[Event "Saarlouis op 5th"]
[Site "Saarlouis"]
[Date "2002.06.02"]
[Round "9"]
[White "Kerpe, Udo"]
[Black "Bartoszek, Norbert"]
[Result "1-0"]
[WhiteElo "1305"]
[BlackElo "1066"]
[PlyCount "67"]
[EventDate "2002.05.??"]
[EventType "swiss"]
[EventRounds "9"]
[EventCountry "GER"]
[SourceTitle "EXT 2006"]
[Source "ChessBase"]
[SourceDate "2005.11.24"]
[SourceVersion "1"]
[SourceVersionDate "2005.11.24"]
[SourceQuality "1"]

1. c4 e6 2. d4 Nf6 3. Nc3 d5 4. c5 c6 5. b4 Be7 6. a3 Nbd7 7. e3 0-0 8. Bd3 Re8 9. Nge2 Nf8 10. Ng3 a6 11. Bc2 a5 12. Bb2 axb4 13. axb4 Rxa1 14. Qxa1 Bd7 15. 0-0 Qb8 16. f3 b6 17. Na4 bxc5 18. bxc5 Qb7 19. Rb1 Ra8 20. Bc3 Qa7 21. Rb2 Rb8 22. Ra2 Qc7 23. Nb6 Qd8 24. Ra7 Qe8 25. Ba5 Bd8 26. Ne2 e5 27. dxe5 Nh5 28. g4 f6 29. gxh5 Qxh5 30. Nxd7 Nxd7 31. Rxd7 Bxa5 32. Qxa5 Qxf3 33. Rd8+ Kf7 34. Qc7+ 1-0

[Event "Heusweiler op"]
[Site "Heusweiler"]
[Date "2001.04.12"]
[Round "7"]
[White "Bickelmann, Horst"]
[Black "Kerpe, Udo"]
[Result "1/2-1/2"]
[WhiteElo "1544"]
[BlackElo "1286"]
[PlyCount "199"]
[EventDate "2001.04.03"]
[EventType "swiss"]
[EventRounds "9"]
[EventCountry "GER"]
[SourceTitle "EXT 2008"]
[Source "ChessBase"]
[SourceDate "2007.11.25"]
[SourceVersion "1"]
[SourceVersionDate "2007.11.25"]
[SourceQuality "1"]

1. e4 c5 2. Bc4 e6 3. Nc3 Nc6 4. a3 Nge7 5. Nf3 Ng6 6. 0-0 a6 7. d3 b5 8. Ba2 Bd6 9. Ne2 Bb7 10. Ng3 Rc8 11. c3 Bb8 12. Be3 Qe7 13. Re1 0-0 14. Rc1 Nce5 15. d4 Nxf3+ 16. Qxf3 c4 17. Qh5 Bxg3 18. hxg3 Bxe4 19. Bg5 f6 20. Rxe4 fxg5 21. Bb1 Qf6 22. f3 Ne7 23. Kf2 Qh6 24. Rh1 Qxh5 25. Rxh5 h6 26. Re1 Nd5 27. Rhh1 Nf6 28. Ke3 Nd5+ 29. Kd2 a5 30. Re5 Nc7 31. Rc5 d6 32. Rc6 Rfd8 33. Kc1 Kf7 34. Re1 Kf6 35. Bc2 Nd5 36. Rxc8 Rxc8 37. Be4 Ne7 38. g4 d5 39. Bc2 Rb8 40. Kd2 b4 41. axb4 axb4 42. Ra1 b3 43. Bb1 Rb7 44. Ra8 Kf7 45. Ke3 Nc6 46. f4 gxf4+ 47. Kxf4 g5+ 48. Ke3 Kg7 49. Ra6 Rc7 50. Kd2 Nd8 51. Rd6 Rc8 52. Rd7+ Nf7 53. Ra7 Re8 54. Ra6 Re7 55. Ke3 Nh8 56. g3 e5 57. Bf5 exd4+ 58. Kxd4 Re2 59. Kxd5 Rxb2 60. Kxc4 Nf7 61. Kb4 Ra2 62. Rg6+ Kf8 63. Kxb3 Rg2 64. Re6 Rxg3 65. Kb4 Rf3 66. c4 h5 67. Be4 Rh3 68. gxh5 Rxh5 69. Ra6 Ne5 70. Rf6+ Kg7 71. Rf5 Nf7 72. Rd5 Rh4 73. Bf5 Rf4 74. Be6 g4 75. Kb5 g3 76. Bxf7 Kxf7 77. Rg5 Rf3 78. c5 Kf6 79. Rg8 Kf7 80. Rg4 Rb3+ 81. Kc6 Rf3 82. Kc7 Ke6 83. c6 Rb3 84. Kc8 Rc3 85. c7 Kd6 86. Rg6+ Ke7 87. Rg7+ Kd6 88. Kd8 Ke5 89. Re7+ Kf4 90. Rf7+ Kg4 91. c8Q+ Rxc8+ 92. Kxc8 Kh3 93. Rh7+ Kg2 94. Kd7 Kg1 95. Ke6 Kf1 96. Rf7+ Ke2 97. Ke5 g2 98. Rg7 Kf2 99. Rf7+ Ke1 100. Rg7 1/2-1/2

[Event "Heusweiler op"]
[Site "Heusweiler"]
[Date "2001.04.10"]
[Round "5"]
[White "Kerpe, Udo"]
[Black "Schroeder, Hans"]
[Result "1-0"]
[WhiteElo "1286"]
[BlackElo "1303"]
[PlyCount "103"]
[EventDate "2001.04.03"]
[EventType "swiss"]
[EventRounds "9"]
[EventCountry "GER"]
[SourceTitle "EXT 2008"]
[Source "ChessBase"]
[SourceDate "2007.11.25"]
[SourceVersion "1"]
[SourceVersionDate "2007.11.25"]
[SourceQuality "1"]

1. c4 e5 2. Nc3 Nf6 3. e4 Nc6 4. Nge2 a6 5. a3 d6 6. b3 Bg4 7. f3 Be6 8. d3 Ne7 9. Ng3 Ng6 10. Be2 Be7 11. 0-0 c6 12. Be3 0-0 13. Qd2 Nd7 14. b4 f5 15. exf5 Bxf5 16. Nge4 Nf4 17. Nf2 Rf7 18. Bxf4 exf4 19. Qxf4 Bxd3 20. Qd2 Bxe2 21. Qxe2 Bf6 22. Rac1 b5 23. Qe6 Nf8 24. Qe4 bxc4 25. Qxc6 Rc7 26. Qd5+ Kh8 27. Nfe4 Be5 28. f4 Bxc3 29. Rxc3 Rd7 30. Rxc4 Qb6+ 31. Kh1 Re8 32. Rc6 Qb5 33. Qxb5 axb5 34. Nxd6 Red8 35. Nxb5 Rd1 36. Rc1 R1d3 37. Nc3 Ng6 38. g3 h5 39. Rfd1 Kh7 40. Rxd3 Rxd3 41. Nb5 Rb3 42. Rc3 Rb1+ 43. Kg2 h4 44. Kh3 hxg3 45. hxg3 Rh1+ 46. Kg2 Rh5 47. Nd6 Rd5 48. Ne4 Ne7 49. Ng5+ Kg6 50. Re3 Rd2+ 51. Kf3 Nf5 52. Re6+ 1-0

[Event "Saarlouis op 1st"]
[Site "Saarlouis"]
[Date "1998.??.??"]
[Round "2"]
[White "Kerpe, Udo"]
[Black "Bender, Wolfgang"]
[Result "0-1"]
[WhiteElo "1367"]
[BlackElo "1778"]
[PlyCount "80"]
[EventDate "1998.??.??"]
[EventType "swiss"]
[EventRounds "9"]
[EventCountry "GER"]
[SourceTitle "EXT 2006"]
[Source "ChessBase"]
[SourceDate "2005.11.24"]
[SourceVersion "1"]
[SourceVersionDate "2005.11.24"]
[SourceQuality "1"]

1. d4 d5 2. Nf3 e6 3. e3 c5 4. b3 cxd4 5. Nxd4 Nf6 6. Bd3 Bd7 7. Bb2 Be7 8. 0-0 0-0 9. Nd2 Nc6 10. Nxc6 Bxc6 11. Nf3 Rc8 12. c3 Qc7 13. Rc1 Rfd8 14. Qc2 e5 15. Bf5 Bd7 16. Bxd7 Rxd7 17. Qf5 e4 18. Nd4 g6 19. Qh3 a6 20. c4 Qa5 21. a4 dxc4 22. Rc2 Rdc7 23. Bc3 Qb6 24. a5 Qd6 25. b4 Nd5 26. Rb1 Nxc3 27. Rxc3 Bf6 28. Rcc1 Bxd4 29. Rd1 c3 30. Rxd4 c2 31. Rc1 Qc6 32. g3 Qc3 33. Qf1 f5 34. Kg2 Rc4 35. Rxc4 Rxc4 36. Qe2 Qd3 37. Qe1 Rc3 38. h4 Rb3 39. Qf1 Qxf1+ 40. Kxf1 Rb1 0-1

[Event "Saarlouis op 1st"]
[Site "Saarlouis"]
[Date "1998.??.??"]
[Round "1"]
[White "Naeckel, Gerhard"]
[Black "Kerpe, Udo"]
[Result "1-0"]
[WhiteElo "1956"]
[BlackElo "1367"]
[PlyCount "61"]
[EventDate "1998.??.??"]
[EventType "swiss"]
[EventRounds "9"]
[EventCountry "GER"]
[SourceTitle "EXT 2006"]
[Source "ChessBase"]
[SourceDate "2005.11.24"]
[SourceVersion "1"]
[SourceVersionDate "2005.11.24"]
[SourceQuality "1"]

1. e4 e5 2. Nf3 d6 3. d4 exd4 4. Nxd4 c6 5. c4 Ne7 6. Nc3 g6 7. Be2 Bg7 8. Bf4 Qb6 9. Nb3 Be5 10. Bxe5 dxe5 11. Qd6 Nd7 12. Rd1 c5 13. Nb5 Qxd6 14. Nxd6+ Kf8 15. Nxc8 Nxc8 16. Rxd7 b6 17. 0-0 Ne7 18. f4 Nc6 19. fxe5 Nxe5 20. Rb7 Kg7 21. Nd2 Rhf8 22. Nf3 Nc6 23. Ng5 Ne5 24. Ne6+ Kg8 25. Nxf8 Kxf8 26. Rd1 Nc6 27. Rdd7 Nd8 28. Rxa7 Rb8 29. e5 h5 30. Bf3 Ke8 31. Bd5 1-0

[Event "Saarlouis op 1st"]
[Site "Saarlouis"]
[Date "1998.??.??"]
[Round "3"]
[White "Schmitt, Adolf"]
[Black "Kerpe, Udo"]
[Result "1/2-1/2"]
[WhiteElo "1805"]
[BlackElo "1367"]
[PlyCount "104"]
[EventDate "1998.??.??"]
[EventType "swiss"]
[EventRounds "9"]
[EventCountry "GER"]
[SourceTitle "EXT 2006"]
[Source "ChessBase"]
[SourceDate "2005.11.24"]
[SourceVersion "1"]
[SourceVersionDate "2005.11.24"]
[SourceQuality "1"]

1. d4 f5 2. Nc3 e6 3. e4 fxe4 4. f3 Bb4 5. fxe4 Qh4+ 6. Ke2 Bxc3 7. bxc3 Qxe4+ 8. Kf2 Nf6 9. Bd3 Qc6 10. Nf3 0-0 11. Re1 Qxc3 12. Bd2 Qc6 13. Kg1 d6 14. Ng5 Qe8 15. c4 h6 16. Nxe6 Bxe6 17. d5 Qh5 18. dxe6 Qxd1 19. Raxd1 Nc6 20. Bc3 Rae8 21. Bg6 Re7 22. Rd3 Ng4 23. Rg3 Nge5 24. Bf7+ Kh8 25. c5 g5 26. cxd6 cxd6 27. Rd1 Rd8 28. Rgd3 Kh7 29. Rxd6 Rxd6 30. Rxd6 Nxf7 31. exf7 Rxf7 32. h3 a6 33. Kh2 Rc7 34. Bf6 Ne7 35. Be5 Nf5 36. Rxh6+ Kxh6 37. Bxc7 b5 38. a3 Kg6 39. g4 Nd4 40. Bd8 Nc6 41. Bb6 a5 42. Be3 b4 43. axb4 axb4 44. Bd2 b3 45. Bc3 Nb4 46. Kg3 Nd3 47. h4 gxh4+ 48. Kxh4 Nf2 49. Bh8 Ne4 50. Bb2 Ng5 51. Kg3 Ne4+ 52. Kf4 Nd6 1/2-1/2